00893 a2200193 45000010006000000050017000060080041000230030015000640400040000790800117001192450038002360200018002742640045002923000019003375050214003560410008005701000022005788560099006005310420260407155805.0260407a1986 arg spa dAR-UNSa-BCEJYS aAR-UNSa-BCEJYSbspacAR-UNSa-BCEJYS a338.2xPolítica económica. Control de la economía. Gestión de la economía. Planificación económica10aSalarios y política económica a950-43-0758-2 1aBuenos Aires :bEdiciones del IDESc1986 a159 p.c17 cm. a1. Salarios y mercado de trabajo.La explicación neoclásica - 2. Las teorías clásicas - 3.El análisis poskeynesiano de la determinación de los salarios - 4. Salarios, empleo y política económica aspa1 aCarciofi, Ricardo41uhttps://www.biblioeco.unsa.edu.ar/pmb/images/libros/L128344.jpgyImagen de portadaqimage/jpeg